000 00302nam a2200121Ia 4500
008 231129s9999||||xx |||||||||||||| ||spa||
040 _bspa
082 _aE863 C392m
100 _aCela Camilo Jose
245 0 _aMrs. Caldwell habla con su hijo Camilo Jose Cela
264 _aSalvat
942 _2ddc
_cBKS
999 _c21432
_d21432